| LEADER | 00438cam a2200133 7i4500 | ||
|---|---|---|---|
| 001 | 0000024562 | ||
| 005 | 20100603090000.0 | ||
| 090 | 0 | 0 | |a T 382.7 |b WOR (ALGR) |
| 245 | 0 | 0 | |a Worldtariff guidebook on customs tariff schedules of import duties for Algeria : |b October 2009. |
| 260 | 0 | 0 | |a San Francisco: |b Worldtariff, |c 2009. |
| 300 | # | # | |a [v.p]. |
| 650 | 0 | 0 | |a Tariff -- |z Algeria |
| 651 | 0 | 0 | |a Algeria |
| 999 | |a B000027006 |b Book |c Tariffs |e Business Information Centre | ||